La batalla de Zacatecas /

El presente volumen sobre la batalla de Zacatecas, que se libró el 23 de junio de 1914, describe desde diferentes ángulos el que fue uno de los pasajes más sangrientos de la Revolución Mexicana: las fuerzas revolucionarias de Francisco Villa y de Felipe Angeles, derrotaron al ejército del Presidente...

Πλήρης περιγραφή

Αποθηκεύτηκε σε:
Λεπτομέρειες βιβλιογραφικής εγγραφής
Άλλοι συγγραφείς: Angeles, Felipe (autor) (autor), Enciso Contreras, José (prólogo) (prólogo)
Μορφή: Βιβλίο
Γλώσσα:Ισπανικά
Έκδοση: Zacatecas, México : editorial no identificada, 1998
Θέματα:
Ετικέτες: Προσθήκη ετικέτας
Δεν υπάρχουν, Καταχωρήστε ετικέτα πρώτοι!

MARC

LEADER 00000nam^a2200000^a^4500
001 000622404
005 20251009000000.0
009 20260310133917.326
025 |a Donación Ricardo Urroz Thomson, 1 ejemplar 
037 |a Acervo ITESO - Biblioteca 
041 |a ESP 
082 |a 972. 061  |b BAT 
245 1 3 |a La batalla de Zacatecas /  |c F. Angeles... [et al.] ; pról. de J. Enciso Contreras. 
264 1 |a Zacatecas, México :  |b editorial no identificada,  |c 1998 
300 |a VIII, 308 p. 
336 |a texto  |b txt  |2 rdacontenido 
337 |a sin mediación  |b n  |2 rdamedio 
338 |a volumen  |b nc  |2 rdasoporte 
520 |a El presente volumen sobre la batalla de Zacatecas, que se libró el 23 de junio de 1914, describe desde diferentes ángulos el que fue uno de los pasajes más sangrientos de la Revolución Mexicana: las fuerzas revolucionarias de Francisco Villa y de Felipe Angeles, derrotaron al ejército del Presidente Victoriano Huerta, permitiendo así el paso libre hacia el centro del país, ya que Zacatecas era un fuerte bastión huertista. 
649 |a XX 
650 |a Política -  |z México -  |x Historia 
650 |a Zacatecas (Ciudad) -  |x Historia -  |y Revolución Villista, 1914-1920 -  |x Tema Principal 
650 |a Zacatecas -  |x Historia 
650 |a México -  |x Historia -  |y Revolución Villista, 1914-1920 
650 |a México -  |x Historia -  |y Revolución Carrancista y Constitucionalista, 1913-1917 
650 |a México -  |x Historia -  |y Régimen Huertista, 1913-1914 
650 |a México -  |x Historia -  |y Revolución, 1910-1917 
650 |a México -  |x Historia -  |y 1910-1946 
650 |a México -  |x Historia -  |y Siglo XX 
650 |a México -  |x Historia Militar 
700 |a Angeles, Felipe  |e (autor) 
700 |a Enciso Contreras, José  |e (prólogo) 
910 |a Fondo General 
920 |a Impresos - Libros 
930 |a Colección General 
905 |a 101 
901 |a 622404-10  |b IT1  |c ACC  |i D  |u 20251009 
902 |a https://opac.biblio.iteso.mx/vufind/Record/000622404